| 000 | 003630000a22001450004500 | ||
|---|---|---|---|
| 020 | _a0-89471-128-8 | ||
| 082 | 0 | 4 | _aGI CD W670w |
| 100 | 1 | _aWilliams, Margery | |
| 245 | 1 | 0 | _aThe Velveteen Rabbit or How Toys Become Real / Margery Wiliams |
| 260 | _aOhio : Weekly Reader Books | ||
| 300 | _a45 P. | ||
| 650 | 1 | 4 | _aLiteratura Infantil |
| 001 | 779 | ||
| 942 | _cLGB | ||
| 999 |
_c47983 _d47983 |
||